000 00957nam a2200241 a 4500
001 000039938
005 20240705073647.0
008 130731s1976 cu r 000 0 spa d
040 _aDO-SdBNP
_bspa
_cBNPHU
082 _aPR868.2
_bH831o, 1976
100 1 _aHostos, Eugenio María de,
_d1839-1903
_91352
245 1 0 _aObras /
_cEugenio María de Hostos; compilación y prólogo de Camila Henríquez Ureña.
260 _aLa Habana :
_bCasa de las Américas,
_c1976.
300 _a723 p. ;
_c25 cm.
490 1 _aPensamiento de Nuestra América
504 _aIncluye referencias bibliográficas y notas al pie de las páginas
590 _aInventariado, 2020/MFF
651 4 _aPuerto Rico
_xPolítica Y Gobierno
_yHASTA 1898
_966148
651 4 _aCuba
_xPolítica Y Gobierno
_y1895-1898
_966149
700 1 _aHenríquez Ureña, Camila
_ecomp.
_epról.
_923480
830 0 _aPensamiento de Nuestra América
_935117
910 _aValidado. Control de calidad MFF
999 _c39428
_d39428